Review of contemporary philosophy

Detalles Bibliográficos
Título anterior:Revista de filosofie contemporană
Formato: Electrónico Revista
Lenguaje:inglés
Publicado: New York : Addleton Academic Publishers
Materias:
Acceso en línea:Full text available from Research Library: 01/01/2009 to present

MARC

LEADER 00000nas a2200000 a 4500
001 ssj0000685269
003 WaSeSS
005 20200512172242.0
006 m d
007 cr n
008 120504c20uu9999nyua| p|s|||||| |0eng d
035 |a (WaSeSS)ssj0000685269 
040 |a WaSeSS  |c WaSeSS  |d WaSeSS 
050 4 |a B1 
245 0 0 |a Review of contemporary philosophy  |h [electronic resource]. 
260 |a New York :  |b Addleton Academic Publishers 
310 |a Annual 
506 |a License restrictions may limit access. 
588 |a Description based on: Vol. 8 (Annual 2009); title from title screen (Academic OneFile, viewed May 03, 2012). 
588 |a Latest issue consulted: Vol. 10 (2011) (viewed May 03, 2012). 
650 0 |a Philosophy  |v Periodicals. 
655 0 |a Electronic journals. 
776 0 8 |i Print version:  |t Review of contemporary philosophy  |x 1841-5261 
780 0 0 |t Revista de filosofie contemporană  |x 1583-5391 
856 4 0 |z Full text available from Research Library: 01/01/2009 to present  |u https://search.proquest.com/publication/136106